| 000 | 00000nam##2200000za#4500 |
| 001 | 9.625680 |
| 003 | CaOODSP |
| 005 | 20200421163412 |
| 007 | ta |
| 008 | 150406|2001||||xxc||||| f|0| 0 fre|d |
| 020 | |a0-662-85960-X |
| 040 | |aCaOODSP|bfre |
| 043 | |an-cn--- |
| 086 | 1 |aNH18-24/5F |
| 110 | 2 |aSociété canadienne d'hypothèques et de logement. |
| 245 | 10|aLes fenêtres |
| 260 | |aOttawa - Ontario : |bSociété canadienne d'hypothèques et de logement |c2001. |
| 300 | |a4p. ; |c28 cm. |
| 490 | 1 |aVotre maison |vCF5 |
| 563 | |aDépliant |
| 590 | |a01-22|b2001-06-01 |
| 691 | 07|aLogement|2gcpds |
| 691 | 07|aRendement énergétique|2gcpds |
| 775 | 08|tWindows |w(CaOODSP)9.615629 |
| 776 | 0#|tLes fenêtres |w(CaOODSP)9.602245 |
| 830 | #0|aVotre maison ;|vCF5|w(CaOODSP)9.513181 |